Marketing for hospitality and tourism / (Record no. 601)
[ view plain ]
| 000 -LEADER | |
|---|---|
| fixed length control field | 00855nam a22002651a 4500 |
| 001 - CONTROL NUMBER | |
| control field | vtls000152839 |
| 003 - CONTROL NUMBER IDENTIFIER | |
| control field | IIMBL |
| 005 - DATE AND TIME OF LATEST TRANSACTION | |
| control field | 20180822135942.0 |
| 008 - FIXED-LENGTH DATA ELEMENTS--GENERAL INFORMATION | |
| fixed length control field | 151011|2014 |r| ||110|eng|||| |
| 020 ## - INTERNATIONAL STANDARD BOOK NUMBER | |
| International Standard Book Number | 9789332518278 |
| Terms of availability | Rs 899 |
| 039 #9 - LEVEL OF BIBLIOGRAPHIC CONTROL AND CODING DETAIL [OBSOLETE] | |
| Level of rules in bibliographic description | 201510271131 |
| Level of effort used to assign nonsubject heading access points | rajesha |
| -- | 201510111553 |
| -- | mihir |
| 040 ## - CATALOGING SOURCE | |
| Original cataloging agency | IIMB |
| 082 ## - DEWEY DECIMAL CLASSIFICATION NUMBER | |
| Classification number | 647.940688 |
| Item number | KOT |
| 100 1# - MAIN ENTRY--PERSONAL NAME | |
| Personal name | Kotler, Philip |
| 245 10 - TITLE STATEMENT | |
| Title | Marketing for hospitality and tourism / |
| Statement of responsibility, etc. | by Philip Kotler, John Bowen, James Makens. |
| 250 ## - EDITION STATEMENT | |
| Edition statement | 6th ed. |
| 260 ## - PUBLICATION, DISTRIBUTION, ETC. | |
| Place of publication, distribution, etc. | Delhi: |
| Name of publisher, distributor, etc. | Pearson, |
| Date of publication, distribution, etc. | 2014. |
| 300 ## - PHYSICAL DESCRIPTION | |
| Extent | 629p. |
| 650 #4 - SUBJECT ADDED ENTRY--TOPICAL TERM | |
| Topical term or geographic name entry element | Hospitality industry, Marketing |
| 650 #4 - SUBJECT ADDED ENTRY--TOPICAL TERM | |
| Topical term or geographic name entry element | Tourism, Marketing |
| 700 1# - ADDED ENTRY--PERSONAL NAME | |
| Personal name | Bowen, John |
| 700 1# - ADDED ENTRY--PERSONAL NAME | |
| Personal name | Makens, James |
| 949 ## - LOCAL PROCESSING INFORMATION (OCLC) | |
| -- | VIRTUAITEM |
| -- | 30000 |
| -- | 30000 |
| -- | 1000 |
| 6 | 000162 |
| Date last seen | Full call number | Barcode | Cost, replacement price | Price effective from | Koha item type | Lost status | Source of classification or shelving scheme | Damaged status | Not for loan | Withdrawn status | Home library | Current library | Date acquired | Cost, normal purchase price |
|---|---|---|---|---|---|---|---|---|---|---|---|---|---|---|
| 08/22/2018 | 658.8 KOT | 000162 | 899.00 | 08/22/2018 | Book | Dewey Decimal Classification | Indian Institute of Management Visakhapatnam | Indian Institute of Management Visakhapatnam | 08/22/2018 | 719.20 |